[Event "MT_Kubacek"]
[Site "?"]
[Date "2013.??.??"]
[Round "?"]
[White "Fejfar, Vlastimil"]
[Black "Urban, Miroslav"]
[Result "1-0"]
[WhiteElo "2167"]
[BlackElo "2386"]
[PlyCount "81"]
[EventDate "2013.??.??"]
[EventType "corr"]
[EventRounds "2"]
[SourceDate "2010.08.23"]

1. e4 c6 2. Nf3 d5 3. Nc3 dxe4 4. Nxe4 Nd7 5. Bc4 Ngf6 6. Neg5 e6 7. Qe2 Nd5 8.
d4 h6 9. Ne4 b5 10. Bxd5 cxd5 11. Nc3 b4 12. Nxd5 Qa5 13. Nf4 Ba6 14. Nd3 Rc8
15. O-O Bd6 16. Be3 O-O 17. Rfe1 Rc7 18. Qd2 Rfc8 19. Rec1 Nb6 20. Nfe5 f6 21.
Nf3 Nc4 22. Qe1 Nxe3 23. Qxe3 Qf5 24. Nfe1 Rc4 25. Rd1 Bb7 26. Nc5 R8xc5 27.
dxc5 Bxc5 28. Qe2 Rf4 29. Nd3 Re4 30. Qf1 Bb6 31. h3 Rh4 32. Ne1 e5 33. Rd2 e4
34. Qc4+ Kh7 35. Rd4 Ba6 36. Qd5 Qxd5 37. Rxd5 Rf4 38. Rd6 Rxf2 39. Nd3 Re2+
40. Rxb6 Bb7 41. Rxb7 1-0

[Event "MT_Kubacek"]
[Site "?"]
[Date "2013.??.??"]
[Round "?"]
[White "Urban, Miroslav"]
[Black "Goc, Pavel"]
[Result "1-0"]
[WhiteElo "2386"]
[BlackElo "2142"]
[PlyCount "83"]
[EventDate "2013.??.??"]
[EventType "corr"]
[EventRounds "2"]
[SourceDate "2010.08.23"]

1. c4 e5 2. Nc3 Nc6 3. Nf3 Nf6 4. e3 Bb4 5. Qc2 Bxc3 6. Qxc3 Qe7 7. Be2 O-O 8.
d4 exd4 9. Nxd4 Ne4 10. Qb3 Qf6 11. O-O Nxd4 12. exd4 Qxd4 13. Be3 Qe5 14. Rfe1
b6 15. Rad1 Re8 16. Qa4 Qe7 17. Bf3 f5 18. c5 bxc5 19. Be2 Kh8 20. Bd3 d6 21.
Bb5 Rf8 22. f3 Ng5 23. Bc6 Rb8 24. Bxc5 Qf7 25. Bd4 Bb7 26. Bxb7 Rxb7 27. Bc3
h6 28. Re2 Rfb8 29. h4 Ne6 30. Rde1 Re8 31. Qc6 Rb6 32. Qd5 c6 33. Rxe6 cxd5
34. Rxe8+ Kh7 35. R1e7 Qg6 36. Rc8 d4 37. Bxd4 Rb4 38. Bc3 Rb5 39. Rcc7 Re5 40.
Rxa7 Qf6 41. Bxe5 dxe5 42. Rxg7+ 1-0

[Event "MT_Kubacek"]
[Site "?"]
[Date "2013.??.??"]
[Round "?"]
[White "Lucan, Zdenko"]
[Black "Smolka, Jan"]
[Result "0-1"]
[WhiteElo "1593"]
[BlackElo "2134"]
[PlyCount "46"]
[EventDate "2013.??.??"]
[EventType "corr"]
[EventRounds "2"]
[SourceDate "2010.08.23"]

1. b3 e5 2. Bb2 Nc6 3. c4 Nf6 4. d3 d5 5. h3 Bb4+ 6. Nd2 dxc4 7. bxc4 O-O 8. e4
Nd7 9. a3 Ba5 10. Be2 Nc5 11. Ngf3 Nxd3+ 12. Bxd3 Qxd3 13. Bc1 Bc3 14. Ra2 Be6
15. Qe2 Qb1 16. Kd1 Qxa2 17. Qd3 Qa1 18. Qb1 Qxb1 19. Nxb1 Rad8+ 20. Kc2 Ba5
21. Nc3 Bxc4 22. Nd2 Rd3 23. Nxc4 Rxc3+ 0-1

[Event "MT_Kubacek"]
[Site "?"]
[Date "2013.??.??"]
[Round "?"]
[White "Vins, Karel"]
[Black "Kyzlink, Vladimir"]
[Result "0-1"]
[WhiteElo "1774"]
[BlackElo "1923"]
[PlyCount "36"]
[EventDate "2013.??.??"]
[EventType "corr"]
[EventRounds "2"]
[SourceDate "2010.08.23"]

1. e4 e5 2. Nc3 Nf6 3. Bc4 Bc5 4. d3 d6 5. Nge2 Ng4 6. O-O Qh4 7. h3 Nxf2 8.
Rxf2 Bxf2+ 9. Kf1 O-O 10. Ng1 Bb6 11. Qe2 Nc6 12. Nd1 Nd4 13. Qf2 Qxf2+ 14.
Nxf2 Nxc2 15. Rb1 c6 16. Nd1 Be6 17. b3 Nd4 18. Ba3 Rad8 0-1

[Event "MT_Kubacek"]
[Site "?"]
[Date "2013.??.??"]
[Round "?"]
[White "Ptacek, Jiri"]
[Black "Pressl, Ladislav"]
[Result "0-1"]
[WhiteElo "1820"]
[BlackElo "1922"]
[PlyCount "98"]
[EventDate "2013.??.??"]
[EventType "corr"]
[EventRounds "2"]
[SourceDate "2010.08.23"]

1. c4 Nf6 2. Nc3 e6 3. g3 d5 4. cxd5 exd5 5. d4 a6 6. Bg2 c6 7. Bg5 Be7 8. Bxf6
Bxf6 9. Nf3 Bg4 10. O-O Nd7 11. h3 Bxf3 12. Bxf3 O-O 13. e3 b5 14. b4 Re8 15.
Re1 Nb6 16. Be2 Nc4 17. a3 a5 18. Qb3 axb4 19. axb4 Qd6 20. Rxa8 Rxa8 21. Bxc4
bxc4 22. Qb2 Rb8 23. b5 cxb5 24. Nxb5 Qd7 25. Rb1 Qxh3 26. Qc1 Qf5 27. Nc3 Rxb1
28. Qxb1 Qxb1+ 29. Nxb1 Bd8 30. Nc3 Ba5 31. Nxd5 c3 32. Nxc3 Bxc3 33. d5 f5 34.
f3 g6 35. g4 Be5 36. e4 fxg4 37. fxg4 g5 38. Kf2 Bf4 39. Ke2 Kf7 40. Kd3 Kf6
41. Kd4 Bd6 42. Kd3 Ke5 43. Ke3 Bc5+ 44. Kf3 h6 45. d6 Bxd6 46. Ke3 Bc5+ 47.
Kf3 Bd4 48. Kg3 Kxe4 49. Kh3 Kf4 0-1

[Event "MT_Kubacek"]
[Site "?"]
[Date "2013.??.??"]
[Round "?"]
[White "Stepan, Josef"]
[Black "Svoboda, Josef"]
[Result "0-1"]
[WhiteElo "1859"]
[BlackElo "1898"]
[PlyCount "42"]
[EventDate "2013.??.??"]
[EventType "corr"]
[EventRounds "2"]
[SourceDate "2010.08.23"]

1. d4 Nf6 2. Nc3 g6 3. e4 d6 4. Bg5 Bg7 5. Qd2 h6 6. Bf4 g5 7. Bg3 Nbd7 8.
O-O-O Nh5 9. f4 Nxf4 10. Bxf4 gxf4 11. Qxf4 Bxd4 12. Bc4 Nf6 13. Nd5 Nxd5 14.
Bxd5 Bf6 15. Nf3 e6 16. Bb3 e5 17. Nxe5 Bg5 18. Bxf7+ Kf8 19. Rhf1 Kg7 20. Kb1
Bxf4 21. Rxf4 Rf8 0-1

[Event "MT_Kubacek"]
[Site "?"]
[Date "2013.??.??"]
[Round "?"]
[White "Svoboda, Josef"]
[Black "Ptacek, Jiri"]
[Result "1/2-1/2"]
[WhiteElo "1898"]
[BlackElo "1820"]
[PlyCount "95"]
[EventDate "2013.??.??"]
[EventType "corr"]
[EventRounds "2"]
[SourceDate "2010.08.23"]

1. d4 Nf6 2. Nf3 d5 3. c4 dxc4 4. e3 e6 5. Bxc4 g6 6. O-O Bg7 7. Nc3 O-O 8. e4
Nc6 9. Bg5 Qd7 10. Re1 h6 11. Bxf6 Bxf6 12. e5 Bg7 13. Rc1 Na5 14. Bb5 c6 15.
Bd3 b5 16. a4 a6 17. Ne4 Nb7 18. Qc2 bxa4 19. Qxa4 Nd8 20. Qa3 f6 21. Nd6 f5
22. Nxc8 Qxc8 23. Rc5 Rf7 24. Ra5 Bf8 25. Qa2 Rfa7 26. Ra1 Qc7 27. Qb3 Rb8 28.
Qc2 Qb6 29. R1a2 Rba8 30. Qe2 Bb4 31. Rxa6 Rxa6 32. Rxa6 Rxa6 33. Bxa6 g5 34.
h3 Qc7 35. Bc4 Kg7 36. Ne1 Bxe1 37. Qxe1 Qb6 38. Qd2 Qa7 39. Kh2 Qb6 40. Qc3
Qa7 41. f3 h5 42. g3 Kh6 43. Qd2 Kg6 44. Kg2 Qb7 45. Qc2 Kh6 46. Qc1 Kg6 47.
Qc2 Kh6 48. Qd2 1/2-1/2

[Event "MT_Kubacek"]
[Site "?"]
[Date "2013.??.??"]
[Round "?"]
[White "Pressl, Ladislav"]
[Black "Vins, Karel"]
[Result "0-1"]
[WhiteElo "1922"]
[BlackElo "1774"]
[PlyCount "78"]
[EventDate "2013.??.??"]
[EventType "corr"]
[EventRounds "2"]
[SourceDate "2010.08.23"]

1. e4 e5 2. Nf3 Nc6 3. Bb5 a6 4. Ba4 Nf6 5. d3 d6 6. Bg5 Bd7 7. c3 Be7 8. Nbd2
h6 9. Be3 b5 10. Bb3 Na5 11. Bc2 c5 12. h3 Nc6 13. Qe2 O-O 14. O-O Nh7 15. Rfd1
Be6 16. Bb3 Bxb3 17. Nxb3 Qc7 18. Re1 Nd8 19. Rac1 Ne6 20. d4 c4 21. Nbd2 Bg5
22. Nxg5 Nhxg5 23. Qg4 Kh8 24. h4 Nh7 25. Rcd1 Rae8 26. f3 f6 27. Nf1 g5 28.
Qh5 Qg7 29. d5 Nf4 30. Bxf4 gxf4 31. Nh2 f5 32. exf5 Nf6 33. Qg6 Qxg6 34. fxg6
Kg7 35. Kf2 Kxg6 36. g4 fxg3+ 37. Kxg3 Nh5+ 38. Kf2 Kh7 39. Rd4 exd4 0-1

[Event "MT_Kubacek"]
[Site "?"]
[Date "2013.??.??"]
[Round "?"]
[White "Kyzlink, Vladimir"]
[Black "Lucan, Zdenko"]
[Result "1-0"]
[WhiteElo "1923"]
[BlackElo "1594"]
[PlyCount "41"]
[EventDate "2013.??.??"]
[EventType "corr"]
[EventRounds "2"]
[SourceDate "2010.08.23"]

1. e4 c6 2. d4 d5 3. exd5 cxd5 4. c4 e6 5. Nc3 Bb4 6. cxd5 Bxc3+ 7. bxc3 exd5
8. Nf3 Nc6 9. Bd3 Nf6 10. Qe2+ Qe7 11. Qxe7+ Nxe7 12. Ba3 Nfg8 13. O-O h6 14.
Rfe1 Bd7 15. Re3 Rc8 16. Rae1 Rxc3 17. Bxe7 Be6 18. Bb5+ Kxe7 19. Rxc3 Nf6 20.
Rc7+ Kd8 21. Rxb7 1-0

[Event "MT_Kubacek"]
[Site "?"]
[Date "2013.??.??"]
[Round "?"]
[White "Smolka, Jan"]
[Black "Urban, Miroslav"]
[Result "0-1"]
[WhiteElo "2134"]
[BlackElo "2386"]
[PlyCount "72"]
[EventDate "2013.??.??"]
[EventType "corr"]
[EventRounds "2"]
[SourceDate "2010.08.23"]

1. e4 c6 2. d4 d5 3. Nc3 dxe4 4. Nxe4 Bf5 5. Ng3 Bg6 6. h4 h6 7. Nf3 Nd7 8. h5
Bh7 9. Bd3 Bxd3 10. Qxd3 e6 11. Bf4 Bb4+ 12. c3 Be7 13. O-O-O Ngf6 14. Kb1 a5
15. Ne5 a4 16. c4 a3 17. b3 O-O 18. Ne4 Nxe4 19. Qxe4 Nxe5 20. Bxe5 Bd6 21. Rd3
Bxe5 22. dxe5 f5 23. Qf3 Qa5 24. Qe2 f4 25. Rd6 Rae8 26. Rc1 Qc5 27. Rd7 Rf5
28. Rxb7 Rd8 29. Re1 Rg5 30. f3 Rxh5 31. Rc7 Rf5 32. Rd1 Rxd1+ 33. Qxd1 Qf2 34.
Rc8+ Kh7 35. Qc2 Qf1+ 36. Qc1 Qxg2 0-1

[Event "MT_Kubacek"]
[Site "?"]
[Date "2013.??.??"]
[Round "?"]
[White "Goc, Pavel"]
[Black "Fejfar, Vlastimil"]
[Result "1-0"]
[WhiteElo "2142"]
[BlackElo "2167"]
[PlyCount "89"]
[EventDate "2013.??.??"]
[EventType "corr"]
[EventRounds "2"]
[SourceDate "2010.08.23"]

1. e4 e5 2. Nf3 Nc6 3. Bb5 a6 4. Ba4 Nf6 5. O-O Be7 6. Re1 b5 7. Bb3 O-O 8. c3
d5 9. exd5 Nxd5 10. Nxe5 Nxe5 11. Rxe5 c6 12. d4 Bd6 13. Re1 Qh4 14. g3 Qh3 15.
Be3 Bg4 16. Qd3 Rae8 17. Nd2 Re6 18. a4 f5 19. axb5 f4 20. Bxf4 Bxf4 21. Rxe6
Bxe6 22. bxa6 Bxd2 23. Qxd2 Nc7 24. Qc2 Ra8 25. a7 Qg4 26. Bxe6+ Qxe6 27. c4
Qd7 28. Qe4 Re8 29. Qf4 Rf8 30. Qe3 Re8 31. Qd2 Ra8 32. Qa5 g6 33. Qb6 Rf8 34.
d5 cxd5 35. cxd5 Na8 36. Qd4 Qg7 37. Qd2 Rd8 38. d6 Qb7 39. Re1 Qc6 40. Re6 Nb6
41. b4 Nd5 42. Qe2 Qc1+ 43. Kg2 Qc6 44. f3 Qd7 45. Qe4 1-0

[Event "MT_Kubacek"]
[Site "?"]
[Date "2013.??.??"]
[Round "?"]
[White "Fejfar, Vlastimil"]
[Black "Smolka, Jan"]
[Result "1/2-1/2"]
[WhiteElo "2167"]
[BlackElo "2134"]
[PlyCount "73"]
[EventDate "2013.??.??"]
[EventType "corr"]
[EventRounds "2"]
[SourceDate "2010.08.23"]

1. e4 e5 2. f4 Nc6 3. Nf3 f5 4. Nc3 fxe4 5. Nxe5 Nf6 6. Bc4 d5 7. Bb5 Bd7 8. d3
Bb4 9. O-O O-O 10. Nxd7 Qxd7 11. dxe4 Bxc3 12. e5 Bxe5 13. fxe5 Ne4 14. Bf4 g5
15. Be3 Qe6 16. Rxf8+ Rxf8 17. c4 dxc4 18. Qc2 Nd6 19. Bxc6 bxc6 20. Bd4 c5 21.
Bc3 Nb5 22. Re1 Nd4 23. Qe4 c6 24. Qe3 Rf4 25. Bd2 Nc2 26. Qc3 Nxe1 27. Bxf4
Nxg2 28. Bxg5 Qg4 29. Qg3 Qxg3 30. hxg3 Ne1 31. Kf1 Nd3 32. e6 Nxb2 33. Ke2 Kg7
34. Kd2 Na4 35. Kc2 h5 36. Bd8 Kg6 37. Bh4 1/2-1/2

[Event "MT_Kubacek"]
[Site "?"]
[Date "2013.??.??"]
[Round "?"]
[White "Urban, Miroslav"]
[Black "Kyzlink, Vladimir"]
[Result "1-0"]
[WhiteElo "2386"]
[BlackElo "1923"]
[PlyCount "61"]
[EventDate "2013.??.??"]
[EventType "corr"]
[EventRounds "2"]
[SourceDate "2010.08.23"]

1. c4 c5 2. Nf3 Nf6 3. g3 b6 4. Bg2 Bb7 5. Nc3 e6 6. O-O Be7 7. Re1 d5 8. cxd5
exd5 9. d4 O-O 10. dxc5 bxc5 11. Qb3 Qb6 12. Ne5 Qxb3 13. axb3 Rd8 14. Rd1 Nc6
15. Nxd5 Nxd5 16. Rxd5 Nxe5 17. Rxd8+ Rxd8 18. Bxb7 Rd1+ 19. Kg2 g5 20. Be4 Bd8
21. Rb1 h6 22. Be3 Rxb1 23. Bxb1 Bb6 24. f4 Ng4 25. Bd2 gxf4 26. Bxf4 Kg7 27.
h3 Nf6 28. Be5 Bd8 29. Kf3 Ba5 30. Bd3 Bd2 31. h4 1-0

[Event "MT_Kubacek"]
[Site "?"]
[Date "2013.??.??"]
[Round "?"]
[White "Vins, Karel"]
[Black "Svoboda, Josef"]
[Result "1-0"]
[WhiteElo "1774"]
[BlackElo "1898"]
[PlyCount "127"]
[EventDate "2013.??.??"]
[EventType "corr"]
[EventRounds "2"]
[SourceDate "2010.08.23"]

1. e4 c6 2. d4 d5 3. Nc3 dxe4 4. Nxe4 Nd7 5. Nf3 Ngf6 6. Nxf6+ Nxf6 7. h3 e6 8.
Bg5 Qa5+ 9. Bd2 Bb4 10. c3 Bd6 11. Bd3 O-O 12. O-O c5 13. Qc2 cxd4 14. Nxd4 Bd7
15. Nf3 Ba4 16. b3 Bc6 17. Nd4 Bd7 18. c4 Qc7 19. Rac1 Bc5 20. Nb5 Bxb5 21.
cxb5 Qd7 22. Bg5 Bd4 23. a4 h6 24. Bh4 Rfc8 25. Qe2 Qd6 26. Kh1 Qf4 27. Rxc8+
Rxc8 28. Bg3 Qg5 29. Bc4 Qf5 30. Bd3 Qc5 31. Bc4 e5 32. Rc1 Kf8 33. f3 h5 34.
Re1 Qb4 35. Rd1 Qc5 36. Be1 Kg8 37. Rc1 Kf8 38. Rc2 Qd6 39. Bf2 Bxf2 40. Qxf2
Qd4 41. Qd2 h4 42. Qb4+ Qc5 43. Qxc5+ Rxc5 44. Rd2 e4 45. fxe4 Nxe4 46. Rd7 Re5
47. Rxf7+ Ke8 48. Rxg7 Re7 49. Rxe7+ Kxe7 50. Bd5 Nc5 51. Kg1 Kd6 52. Bc4 Ke5
53. Kf2 Kf4 54. Bd5 Ke5 55. Bc4 Kf4 56. a5 Nd7 57. Bd5 Nc5 58. b4 Ne4+ 59. Bxe4
Kxe4 60. g3 hxg3+ 61. Kxg3 Ke5 62. Kf3 Kf5 63. Ke3 Ke5 64. Kd3 1-0

[Event "MT_Kubacek"]
[Site "?"]
[Date "2013.??.??"]
[Round "?"]
[White "Ptacek, Jiri"]
[Black "Stepan, Josef"]
[Result "1-0"]
[WhiteElo "1820"]
[BlackElo "1859"]
[PlyCount "49"]
[EventDate "2013.??.??"]
[EventType "corr"]
[EventRounds "2"]
[SourceDate "2010.08.23"]

1. c4 e5 2. Nc3 Nf6 3. g3 d5 4. cxd5 Nxd5 5. Bg2 Nb6 6. e4 Nc6 7. Nf3 Be7 8.
O-O O-O 9. d3 Bg4 10. Be3 Bxf3 11. Bxf3 Nd4 12. Bxd4 Qxd4 13. Qc2 c6 14. Ne2
Qc5 15. Qxc5 Bxc5 16. Nc3 Rad8 17. Be2 f5 18. Kg2 Bd4 19. f4 fxe4 20. dxe4 Bxc3
21. bxc3 Rd2 22. Kf3 exf4 23. gxf4 Na4 24. Rf2 Nxc3 25. Bc4+ 1-0

[Event "MT_Kubacek"]
[Site "?"]
[Date "2013.??.??"]
[Round "?"]
[White "Stepan, Josef"]
[Black "Vins, Karel"]
[Result "1-0"]
[WhiteElo "1859"]
[BlackElo "1774"]
[PlyCount "93"]
[EventDate "2013.??.??"]
[EventType "corr"]
[EventRounds "2"]
[SourceDate "2010.08.23"]

1. e4 e5 2. Nc3 Nc6 3. f4 exf4 4. d4 Qh4+ 5. Ke2 d6 6. Nf3 Qf6 7. Nd5 Qd8 8.
Bxf4 Be6 9. Nc3 d5 10. e5 h6 11. Qe1 Bb4 12. a3 Ba5 13. Kf2 g5 14. Be3 Qd7 15.
b4 Bb6 16. b5 Nd8 17. Bd3 c6 18. Na4 f5 19. exf6 Nxf6 20. Ne5 Ng4+ 21. Nxg4
Bxg4 22. Rf1 Rf8+ 23. Kg1 Rxf1+ 24. Qxf1 Qg7 25. Nxb6 axb6 26. Re1 Kd7 27. Bf5+
Bxf5 28. Qxf5+ Kc7 29. Bd2 Qxd4+ 30. Be3 Qg7 31. Bf2 Kb8 32. Bxb6 Rxa3 33. Bxd8
Ra1 34. Qf1 Rxe1 35. Qxe1 Qd4+ 36. Qf2 Qa1+ 37. Qf1 Qd4+ 38. Kh1 cxb5 39. Bf6
Qf4 40. Qxf4+ gxf4 41. Be5+ Kc8 42. Bxf4 h5 43. Kg1 Kd7 44. Kf2 Kc6 45. Ke2 Kc5
46. Kd3 Kc6 47. h3 1-0

[Event "MT_Kubacek"]
[Site "?"]
[Date "2013.??.??"]
[Round "?"]
[White "Svoboda, Josef"]
[Black "Lucan, Zdenko"]
[Result "1-0"]
[WhiteElo "1898"]
[BlackElo "1593"]
[PlyCount "95"]
[EventDate "2013.??.??"]
[EventType "corr"]
[EventRounds "2"]
[SourceDate "2010.08.23"]

1. Nf3 Nf6 2. d4 e6 3. c4 Bb4+ 4. Bd2 Bxd2+ 5. Nbxd2 d6 6. e4 Nbd7 7. Qc2 O-O
8. Be2 c5 9. O-O cxd4 10. Nxd4 e5 11. Nb5 Ne8 12. f4 exf4 13. Rxf4 a6 14. Nc3
Ne5 15. Raf1 Nf6 16. Nd5 Nxd5 17. cxd5 g6 18. Qb3 Ra7 19. Qe3 b6 20. Nc4 Nxc4
21. Bxc4 Qc7 22. Bd3 Qc5 23. Qxc5 bxc5 24. Rf6 Rd7 25. a3 a5 26. Bb5 Rdd8 27.
Bd3 Bb7 28. Bb5 Bc8 29. Kf2 Kg7 30. Ke3 h6 31. R6f4 Bd7 32. Bd3 g5 33. Rf6 Rb8
34. Rxd6 Bb5 35. Rf2 Bxd3 36. Kxd3 Rb3+ 37. Kc4 Re3 38. Kxc5 Rxe4 39. Rd7 Kg6
40. Rd6+ f6 41. Re6 Rf4 42. Rxf4 gxf4 43. Kd4 Rc8 44. Rc6 Rd8 45. d6 Kf7 46.
Kd5 h5 47. b4 axb4 48. axb4 1-0

[Event "MT_Kubacek"]
[Site "?"]
[Date "2013.??.??"]
[Round "?"]
[White "Pressl, Ladislav"]
[Black "Urban, Miroslav"]
[Result "0-1"]
[WhiteElo "1922"]
[BlackElo "2386"]
[PlyCount "22"]
[EventDate "2013.??.??"]
[EventType "corr"]
[EventRounds "2"]
[SourceDate "2010.08.23"]

1. d4 Nf6 2. c4 e6 3. Nc3 Bb4 4. Nf3 Bxc3+ 5. bxc3 b6 6. Bg5 Bb7 7. e3 d6 8.
Bd3 h6 9. O-O hxg5 10. Nxg5 Qe7 11. Qe2 Nc6 0-1

[Event "MT_Kubacek"]
[Site "?"]
[Date "2013.??.??"]
[Round "?"]
[White "Kyzlink, Vladimir"]
[Black "Fejfar, Vlastimil"]
[Result "0-1"]
[WhiteElo "1923"]
[BlackElo "2167"]
[PlyCount "54"]
[EventDate "2013.??.??"]
[EventType "corr"]
[EventRounds "2"]
[SourceDate "2010.08.23"]

1. e4 e5 2. Nf3 Nc6 3. Bc4 Nf6 4. Ng5 Bc5 5. Bxf7+ Ke7 6. Bd5 Rf8 7. Nf3 d6 8.
c3 Bg4 9. d4 exd4 10. Bxc6 bxc6 11. cxd4 Bb6 12. O-O Qd7 13. e5 Nd5 14. Re1
Bxf3 15. Bg5+ Ke6 16. gxf3 Qf7 17. f4 Nxf4 18. Qg4+ Qf5 19. exd6+ Kd7 20. Qxf4
Qxf4 21. Bxf4 Rxf4 22. dxc7 Bxd4 23. Re2 Rxf2 24. Rxf2 Rf8 25. Nd2 Rxf2 26. Nb3
Bb6 27. Kh1 Rxb2 0-1

[Event "MT_Kubacek"]
[Site "?"]
[Date "2013.??.??"]
[Round "?"]
[White "Smolka, Jan"]
[Black "Goc, Pavel"]
[Result "1/2-1/2"]
[WhiteElo "2134"]
[BlackElo "2142"]
[PlyCount "55"]
[EventDate "2013.??.??"]
[EventType "corr"]
[EventRounds "2"]
[SourceDate "2010.08.23"]

1. d4 Nf6 2. Nf3 g6 3. c4 Bg7 4. g3 O-O 5. Bg2 d6 6. O-O c5 7. Nc3 Nc6 8. d5
Na5 9. Nd2 a6 10. Qc2 Rb8 11. b3 b5 12. Bb2 Bh6 13. f4 bxc4 14. bxc4 e5 15.
Rae1 exf4 16. gxf4 Nh5 17. e3 Bg7 18. Nd1 Bf5 19. Be4 Bxb2 20. Bxf5 Bg7 21. Bg4
Nf6 22. Bf3 Ne8 23. f5 Be5 24. Re2 Ng7 25. Rg2 Re8 26. Bg4 Rb4 27. a3 Rb6 28.
Kh1 1/2-1/2

[Event "MT_Kubacek"]
[Site "?"]
[Date "2013.??.??"]
[Round "?"]
[White "Goc, Pavel"]
[Black "Kyzlink, Vladimir"]
[Result "1/2-1/2"]
[WhiteElo "2142"]
[BlackElo "1923"]
[PlyCount "45"]
[EventDate "2013.??.??"]
[EventType "corr"]
[EventRounds "2"]
[SourceDate "2010.08.23"]

1. d4 Nf6 2. Nf3 b6 3. Bg5 Bb7 4. Nbd2 e6 5. e4 h6 6. Bxf6 Qxf6 7. Bd3 Qd8 8.
Qe2 Be7 9. O-O-O d6 10. h4 Nd7 11. g4 c5 12. d5 e5 13. Rdg1 Qc7 14. Ba6 O-O-O
15. Bxb7+ Kxb7 16. g5 hxg5 17. hxg5 Rdf8 18. Nc4 Qd8 19. Kb1 a6 20. Rxh8 Rxh8
21. g6 fxg6 22. Rxg6 Rh1+ 23. Rg1 1/2-1/2

[Event "MT_Kubacek"]
[Site "?"]
[Date "2013.??.??"]
[Round "?"]
[White "Urban, Miroslav"]
[Black "Svoboda, Josef"]
[Result "1-0"]
[WhiteElo "2386"]
[BlackElo "1898"]
[PlyCount "53"]
[EventDate "2013.??.??"]
[EventType "corr"]
[EventRounds "2"]
[SourceDate "2010.08.23"]

1. c4 e5 2. Nc3 Nc6 3. Nf3 Nf6 4. e4 Bb4 5. d3 d6 6. Be2 O-O 7. O-O Bg4 8. a3
Bxc3 9. bxc3 Re8 10. Rb1 b6 11. Bg5 h6 12. Bh4 Qe7 13. Ne1 Bxe2 14. Qxe2 Qe6
15. Nc2 g5 16. Bg3 Rec8 17. Ne3 Ne7 18. Rfe1 Kh7 19. f3 Nh5 20. Bf2 Nf4 21. Qc2
Kg6 22. d4 c6 23. Red1 h5 24. Rd2 Kf6 25. dxe5+ Qxe5 26. Ng4+ hxg4 27. Bd4 1-0

[Event "MT_Kubacek"]
[Site "?"]
[Date "2013.??.??"]
[Round "?"]
[White "Lucan, Zdenko"]
[Black "Stepan, Josef"]
[Result "0-1"]
[WhiteElo "1593"]
[BlackElo "1859"]
[PlyCount "60"]
[EventDate "2013.??.??"]
[EventType "corr"]
[EventRounds "2"]
[SourceDate "2010.08.23"]

1. Nf3 Nf6 2. c4 c5 3. Nc3 d5 4. e3 Nc6 5. d4 cxd4 6. exd4 Bg4 7. Be2 e6 8. c5
b6 9. Bb5 Rc8 10. Bxc6+ Rxc6 11. h3 Bxf3 12. Qxf3 bxc5 13. dxc5 Bxc5 14. Bg5
Be7 15. Rc1 O-O 16. O-O Qb8 17. b3 Rfc8 18. Rfd1 Qb4 19. Bd2 Qb6 20. Na4 Qb7
21. Rxc6 Rxc6 22. Rc1 Ne4 23. Rxc6 Qxc6 24. Be3 Qc2 25. Bxa7 Qb1+ 26. Kh2 Bd6+
27. g3 Qxa2 28. Kg2 Bxg3 29. Nc5 Bxf2 30. Nd3 Bxa7+ 0-1

[Event "MT_Kubacek"]
[Site "?"]
[Date "2013.??.??"]
[Round "?"]
[White "Vins, Karel"]
[Black "Ptacek, Jiri"]
[Result "1/2-1/2"]
[WhiteElo "1774"]
[BlackElo "1820"]
[PlyCount "53"]
[EventDate "2013.??.??"]
[EventType "corr"]
[EventRounds "2"]
[SourceDate "2010.08.23"]

1. e4 c5 2. c3 e5 3. Nf3 Nc6 4. Bc4 Nf6 5. d3 d6 6. h3 h6 7. Be3 Be7 8. Nbd2
O-O 9. Nf1 Nh7 10. Qd2 Bg5 11. Bxg5 Nxg5 12. Nxg5 Qxg5 13. Qxg5 hxg5 14. Ne3
Be6 15. Bxe6 fxe6 16. f3 Rad8 17. O-O d5 18. Rad1 d4 19. Nc2 b5 20. Rf2 Rf4 21.
g4 a5 22. a3 Rf7 23. Kg2 Rfd7 24. cxd4 exd4 25. b3 b4 26. a4 Rf7 27. Ne1
1/2-1/2

[Event "MT_Kubacek"]
[Site "?"]
[Date "2013.??.??"]
[Round "?"]
[White "Ptacek, Jiri"]
[Black "Lucan, Zdenko"]
[Result "1-0"]
[WhiteElo "1820"]
[BlackElo "1593"]
[PlyCount "57"]
[EventDate "2013.??.??"]
[EventType "corr"]
[EventRounds "2"]
[SourceDate "2010.08.23"]

1. c4 Nf6 2. Nc3 e6 3. g3 e5 4. Bg2 Be7 5. e4 Nc6 6. Nf3 Nd4 7. O-O d6 8. Nxd4
exd4 9. Ne2 c5 10. d3 Bd7 11. Nf4 Rb8 12. a4 a5 13. Bh3 Bxh3 14. Nxh3 h6 15. f4
O-O 16. f5 Nh7 17. Qg4 Ng5 18. Nxg5 Bxg5 19. Bxg5 Qxg5 20. Qxg5 hxg5 21. f6 g6
22. g4 b6 23. Rf3 Rbe8 24. Kg2 Re5 25. Rh1 Kh7 26. Rh3+ Kg8 27. Rh6 Re6 28. Rf1
Rxf6 29. Rxf6 1-0

[Event "MT_Kubacek"]
[Site "?"]
[Date "2013.??.??"]
[Round "?"]
[White "Stepan, Josef"]
[Black "Urban, Miroslav"]
[Result "0-1"]
[WhiteElo "1859"]
[BlackElo "2386"]
[PlyCount "64"]
[EventDate "2013.??.??"]
[EventType "corr"]
[EventRounds "2"]
[SourceDate "2010.08.23"]

1. e4 c6 2. d4 d5 3. Nc3 dxe4 4. Nxe4 Bf5 5. Ng3 Bg6 6. h4 h6 7. Nf3 Nd7 8. h5
Bh7 9. Bd3 Bxd3 10. Qxd3 e6 11. Bf4 Ngf6 12. O-O-O Be7 13. Kb1 a5 14. Ne5 a4
15. Ne4 Nxe4 16. Qxe4 a3 17. b3 O-O 18. Nxd7 Qxd7 19. g4 Ra5 20. Rhe1 Rd8 21.
Rd3 Rd5 22. Red1 b5 23. Be3 Bf6 24. f4 b4 25. g5 hxg5 26. fxg5 Bxg5 27. Bxg5
Rxg5 28. h6 gxh6 29. Qh4 Rg6 30. Rg3 Rxg3 31. Qxg3+ Kh7 32. Qf4 f5 0-1

[Event "MT_Kubacek"]
[Site "?"]
[Date "2013.??.??"]
[Round "?"]
[White "Svoboda, Josef"]
[Black "Fejfar, Vlastimil"]
[Result "0-1"]
[WhiteElo "1898"]
[BlackElo "2167"]
[PlyCount "56"]
[EventDate "2013.??.??"]
[EventType "corr"]
[EventRounds "2"]
[SourceDate "2010.08.23"]

1. e4 e5 2. Nf3 Nc6 3. Bb5 a6 4. Ba4 Nf6 5. O-O b5 6. Bb3 Be7 7. Re1 O-O 8. c3
d5 9. exd5 Nxd5 10. d4 exd4 11. Nxd4 Nxd4 12. Qxd4 Bb7 13. Qe4 Bc5 14. Rd1 Qf6
15. Rf1 Rfe8 16. Qf3 Qxf3 17. gxf3 Rad8 18. a4 Rd6 19. Bc2 Re2 20. Bd3 Nf4 21.
Bxf4 Rxd3 22. axb5 Rxf3 23. Bg3 axb5 24. b4 Bb6 25. Na3 f5 26. Nxb5 f4 27. Bh4
Rh3 28. Bd8 Re6 0-1

[Event "MT_Kubacek"]
[Site "?"]
[Date "2013.??.??"]
[Round "?"]
[White "Pressl, Ladislav"]
[Black "Goc, Pavel"]
[Result "0-1"]
[WhiteElo "1922"]
[BlackElo "2142"]
[PlyCount "26"]
[EventDate "2013.??.??"]
[EventType "corr"]
[EventRounds "2"]
[SourceDate "2010.08.23"]

1. e4 e5 2. Nf3 Nc6 3. Bb5 a6 4. Ba4 Nf6 5. O-O b5 6. Bb3 Bb7 7. d3 Bc5 8. Bg5
d6 9. a4 b4 10. Bd5 O-O 11. c3 bxc3 12. Nxc3 h6 13. Bxf7+ Rxf7 0-1

[Event "MT_Kubacek"]
[Site "?"]
[Date "2013.??.??"]
[Round "?"]
[White "Kyzlink, Vladimir"]
[Black "Smolka, Jan"]
[Result "0-1"]
[WhiteElo "1923"]
[BlackElo "2134"]
[PlyCount "64"]
[EventDate "2013.??.??"]
[EventType "corr"]
[EventRounds "2"]
[SourceDate "2010.08.23"]

1. e4 e5 2. Nf3 Nc6 3. Bc4 Nf6 4. Ng5 d5 5. exd5 Na5 6. d3 h6 7. Nf3 e4 8. Qe2
Nxc4 9. dxc4 Bc5 10. h3 O-O 11. Nh2 b5 12. Nc3 bxc4 13. O-O Bd4 14. Qxc4 Bxc3
15. Qxc3 Nxd5 16. Qc6 Rb8 17. Rd1 Nb4 18. Rxd8 Nxc6 19. Rxf8+ Kxf8 20. b3 f5
21. c3 Ke7 22. h4 Ne5 23. Be3 a5 24. Bd4 Ke6 25. Rd1 a4 26. b4 Ba6 27. f3 Nd3
28. fxe4 fxe4 29. Bxg7 e3 30. Nf3 e2 31. Rb1 Rg8 32. Bxh6 Bb7 0-1